1210 1834 1572 1760 1584 1174 1415 1251 1173 1789 1101 1408 1866 1250 1588 1569 1166 1928 1768 1123 1109 1929 1885 1826 1488 1174 1266 1336 1846 1451 1456 1232 1423 1362 1848 1543 1784 1482 1651 1728 1923 1729 1485 1321 1653 1764 1793 1732 1155 1406 1580 1960 1421 1032 1750 1211 1662 1862 1005 1477 1955 1767 1236 1963 1593 1394 1318 1537 1796 1812 1329 1218 1962 1138 1261 1625 1856 1964 1891 1484 1295 1657 1232 1352 1764 1574 1186 1085 1871 1115 1839 1349 1131 1787 1238 1505 1148 1146 1357 BCNSPRNW ULIB Ver.6.0+V

เปลี่ยนเป็นภาษาไทย

Change to English
 แสดงรายละเอียดบรรณานุกรม
  กลับหน้าหลัก

Brief Record : Get Marc (ISO 2709) : E-mail record : QR code < ปิดหน้าต่าง
LEADER : 00000nam 2200000uu 4500
001    13399127966
003     ULIB
008    020711s2563 th a 000 0 tha d
020    ^a9786165725682
050    ^aนว.^bจ-อ
100    ^aจรสจันทร์
245    ^aโอบฟ้ามาห่มดิน
250    ^aพิมพ์ครั้งที่ 1
260    ^aกรุงเทพฯ :^bกรองอักษร,^c2563
300    ^a432 หน้า;^b21 ซม.
650    ^aนวนิยาย
945    ^p340^l0^i008556
999    ^aประนอม เกษจรัล
รายการนี้ยังไม่มีแท็ก
คุณยังไม่ได้ล็อกอิน คุณสามารถมีกิจกรรมร่วมกับเว็บไซต์ได้ แต่ต้องล็อกอินก่อน ::
  ล็อกอิน

รายการสื่อสารสนเทศ

ลำดับที่ ประเภท เลขเรียก/บาร์โค้ด สถานที่ สถานะ
1. นวนิยาย
นวนิยาย
นว. จ-อ ฉ.1 
  Barcode: 008556
ห้องสมุดวิทยาเขตสวรรค์ประชารักษ์
►นวนิยาย
บนชั้น
  ขอยืม

รายการใกล้เคียง
    ชื่อเรื่อง [โอบฟ้ามาห่มดิน]

    ผู้แต่ง [จรสจันทร์]

    หัวเรื่อง [นวนิยาย]

BibComment


ยังไม่เคยถูกคอมเมนท์

คอมเมนท์ทรัพยากรรายการนี้
  คอมเมนท์: โอบฟ้ามาห่มดิน


 Copyright 2026. Bcnsprnw @Library